Answers Start With H - Statistics

General Stats
  • This quiz has been taken 147 times
  • The average score is 13 of 14
Answer Stats
Hint Answer % Correct
Product made by bees Honey
99%
First name of Potter and Styles Harry
98%
U.S. state that's made of islands Hawaii
98%
Female chicken Hen
98%
Can be played on ice or field Hockey
98%
Can be braided, put into pigtails, or curled Hair
97%
Hula ____ Hoop
95%
Country that's named similarly to the above Hungary
94%
Wanting food Hungry
94%
________ and a nail Hammer
85%
Ice chunks that fall from the sky Hail
84%
Neigh Horse
82%
Jimi _______ Hendrix
73%
Small pet with quills Hedgehog
63%
No matching quizzes found
Score Distribution
Percent of People with Each Score
Percentile by Number Answered
Your Score History
You have not taken this quiz